[Event "Copenhagen Challenge"]
[Site "Ballerup"]
[Date "2018.04.26"]
[Round "2"]
[White "Vangsgaard, Bjarke"]
[Black "Rostgaard, Tobias Valentin"]
[Result "1-0"]
[WhiteElo "1940"]
[BlackElo "2311"]
[PlyCount "119"]
[EventDate "2018.04.25"]
[EventType "swiss"]
[EventRounds "9"]
[EventCountry "DEN"]
[SourceTitle "CBM 184 Extra"]
[Source "ChessBase"]
[SourceDate "2018.06.28"]
[SourceVersion "1"]
[SourceVersionDate "2018.06.28"]
[SourceQuality "1"]

1. d4 Nf6 2. Bf4 c5 3. e3 Qb6 4. Na3 cxd4 5. exd4 Nc6 6. Nf3 Nd5 7. Nc4 Qd8 8. Bg3 d6 9. c3 g6 10. Qb3 Nf6 11. Ng5 e6 12. Bd3 Nh5 13. Nf3 Be7 14. 0-0-0 Nxg3 15. hxg3 Kf8 16. Ne3 d5 17. Ng4 Kg7 18. Rh2 b5 19. Nge5 Na5 20. Qxb5 f6 21. Rdh1 fxe5 22. Nxe5 Nc4 23. Nxg6 Bd7 24. Qa6 h6 25. Nxh8 Qxh8 26. f4 Nb6 27. Bc2 Nc4 28. Qb7 Nb6 29. b3 Qc8 30. Qxc8 Rxc8 31. Rxh6 Rg8 32. Rg6+ Kf8 33. Rxg8+ Kxg8 34. Rh7 Bf6 35. g4 Bg7 36. g5 Nc8 37. g4 Nd6 38. Rh1 Ne4 39. Bxe4 dxe4 40. Kd2 e5 41. fxe5 Bxg4 42. Ke3 Bf3 43. Rg1 Bf8 44. c4 Kf7 45. g6+ Kg8 46. c5 Bh6+ 47. Kf2 Bd2 48. Rg3 Bc3 49. Ke3 Kg7 50. c6 Ba5 51. d5 Bb6+ 52. Kf4 Bh1 53. Rh3 Bg2 54. Rh2 Bf3 55. d6 Bg1 56. Rc2 Bd1 57. Rc1 Bh2+ 58. Kxe4 Bh5 59. d7 Bxg6+ 60. Kd5 1-0

[Event "Wch U20 56th"]
[Site "Tarvisio"]
[Date "2017.11.21"]
[Round "8"]
[White "Vangsgaard, Bjarke"]
[Black "Araya Pozo, Francisco Javier"]
[Result "0-1"]
[WhiteElo "1987"]
[BlackElo "1416"]
[PlyCount "110"]
[EventDate "2017.11.13"]
[EventType "swiss"]
[EventRounds "11"]
[EventCountry "ITA"]
[SourceTitle "CBM 181 Extra"]
[Source "ChessBase"]
[SourceDate "2017.12.12"]
[SourceVersion "1"]
[SourceVersionDate "2017.12.12"]
[SourceQuality "1"]

1. d4 Nf6 2. Bf4 e6 3. e3 c5 4. c3 Nc6 5. Bd3 d5 6. Nf3 c4 7. Be2 Bd6 8. Ne5 Qc7 9. Qa4 Bd7 10. Nxd7 Nxd7 11. Bxd6 Qxd6 12. Nd2 f5 13. Qc2 Ne7 14. b3 cxb3 15. axb3 0-0 16. c4 Nf6 17. c5 Qc7 18. b4 a6 19. Nf3 Ne4 20. Ne5 Nc6 21. Nxc6 Qxc6 22. 0-0 h6 23. Ra3 b5 24. Rfa1 Rf7 25. Ra5 Rfa7 26. R1a3 Nd6 27. f3 Nc4 28. Bxc4 dxc4 29. Qe2 Rd7 30. Qa2 Rda7 31. h3 Kf7 32. Qa1 g6 33. Ra2 h5 34. Re2 Rd8 35. e4 Re8 36. Qe1 Rd8 37. Rd2 Rad7 38. Qe3 Kg8 39. Qh6 Rg7 40. Qg5 Rdd7 41. Qf6 fxe4 42. d5 Rxd5 43. Rxa6 Qxa6 44. Rxd5 exf3 45. gxf3 Kh7 46. Rg5 Qa3 47. c6 Qxb4 48. Qxe6 c3 49. c7 Qb1+ 50. Kh2 Rxc7 51. Qb6 Qa2+ 52. Kg3 Qf7 53. Rxb5 c2 54. Rc5 c1Q 55. Qxc7 Qxc7+ 0-1

[Event "Wch U20 56th"]
[Site "Tarvisio"]
[Date "2017.11.20"]
[Round "7"]
[White "Zenari, Marco"]
[Black "Vangsgaard, Bjarke"]
[Result "1-0"]
[WhiteElo "1997"]
[BlackElo "1987"]
[PlyCount "55"]
[EventDate "2017.11.13"]
[EventType "swiss"]
[EventRounds "11"]
[EventCountry "ITA"]
[SourceTitle "CBM 181 Extra"]
[Source "ChessBase"]
[SourceDate "2017.12.12"]
[SourceVersion "1"]
[SourceVersionDate "2017.12.12"]
[SourceQuality "1"]

1. e4 c6 2. d4 d5 3. e5 Bf5 4. h4 h6 5. g4 Be4 6. f3 Bh7 7. e6 Qd6 8. exf7+ Kxf7 9. Bd3 e5 10. Bxh7 Rxh7 11. Qd3 Nf6 12. dxe5 Qxe5+ 13. Ne2 Bc5 14. Nbc3 Nbd7 15. Bf4 Qe7 16. 0-0-0 Ne5 17. Qf5 Nxf3 18. g5 hxg5 19. hxg5 Nh4 20. g6+ Nxg6 21. Rxh7 Be3+ 22. Bxe3 Qxe3+ 23. Kb1 d4 24. Rg1 dxc3 25. Rxg6 Ke8 26. Rgxg7 Nxh7 27. Qd7+ Kf8 28. Qf7# 1-0

[Event "Wch U20 56th"]
[Site "Tarvisio"]
[Date "2017.11.17"]
[Round "5"]
[White "Taalaibekov, Tagir"]
[Black "Vangsgaard, Bjarke"]
[Result "1-0"]
[WhiteElo "2219"]
[BlackElo "1987"]
[PlyCount "59"]
[EventDate "2017.11.13"]
[EventType "swiss"]
[EventRounds "11"]
[EventCountry "ITA"]
[SourceTitle "CBM 181 Extra"]
[Source "ChessBase"]
[SourceDate "2017.12.12"]
[SourceVersion "1"]
[SourceVersionDate "2017.12.12"]
[SourceQuality "1"]

1. d4 Nf6 2. Bf4 g6 3. Nc3 Bg7 4. e3 0-0 5. h4 c5 6. Nf3 b6 7. d5 d6 8. Be2 Bf5 9. Nd2 Qc8 10. f3 Na6 11. e4 Bd7 12. a4 Nc7 13. Nc4 Qb7 14. Qd2 a6 15. Bh6 b5 16. Bxg7 Kxg7 17. Ne3 bxa4 18. h5 Nxh5 19. Nf5+ Bxf5 20. exf5 Rh8 21. Rxa4 Ng3 22. Qh6+ Kg8 23. fxg6 fxg6 24. Bd3 Qxb2 25. Kd2 Nxh1 26. Bxg6 Qxc3+ 27. Kxc3 Nxd5+ 28. Kd2 hxg6 29. Qxg6+ Kf8 30. Rg4 1-0

[Event "Heusenstamm Sparkassen op-A 3rd"]
[Site "Heusenstamm"]
[Date "2016.11.26"]
[Round "4"]
[White "Weichhold, Pawel"]
[Black "Vangsgaard, Bjarke"]
[Result "1-0"]
[WhiteElo "2407"]
[BlackElo "2022"]
[PlyCount "51"]
[EventDate "2016.11.24"]
[EventType "swiss"]
[EventRounds "7"]
[EventCountry "GER"]
[SourceTitle "CBM 175 Extra"]
[Source "ChessBase"]
[SourceDate "2016.12.12"]
[SourceVersion "1"]
[SourceVersionDate "2016.12.12"]
[SourceQuality "1"]

1. e4 c6 2. Nc3 d5 3. Nf3 dxe4 4. Nxe4 Nf6 5. Nxf6+ gxf6 6. d4 Bg4 7. Be2 e6 8. Be3 Nd7 9. c4 Bb4+ 10. Nd2 Bf5 11. Qb3 Ba5 12. 0-0 Qb6 13. d5 Qc7 14. Rfd1 cxd5 15. Rac1 Rc8 16. Nf3 0-0 17. Nd4 Be4 18. cxd5 Qe5 19. dxe6 Bd5 20. exf7+ Kxf7 21. Qa4 Bc7 22. Qxd7+ Kg8 23. Qh3 Kh8 24. Bd3 h5 25. Bf4 Bxg2 26. Qxc8 1-0

[Event "EU-ch U18 26th"]
[Site "Prague"]
[Date "2016.08.25"]
[Round "7"]
[White "Syvalahti, Timo"]
[Black "Vangsgaard, Bjarke"]
[Result "1-0"]
[WhiteElo "2139"]
[BlackElo "2034"]
[PlyCount "91"]
[EventDate "2016.08.18"]
[EventType "swiss"]
[EventRounds "9"]
[EventCountry "CZE"]
[SourceTitle "CBM 174 Extra"]
[Source "ChessBase"]
[SourceDate "2016.10.10"]
[SourceVersion "1"]
[SourceVersionDate "2016.10.10"]
[SourceQuality "1"]

1. d4 Nf6 2. c4 g6 3. Nc3 Bg7 4. e4 d6 5. f3 0-0 6. Be3 c5 7. dxc5 dxc5 8. Qxd8 Rxd8 9. Bxc5 Nc6 10. Nge2 Nd7 11. Be3 Nde5 12. Nf4 Nb4 13. Rc1 g5 14. Nfd5 Nbd3+ 15. Bxd3 Nxd3+ 16. Ke2 Nxc1+ 17. Rxc1 Be6 18. Nxe7+ Kh8 19. b3 Rd7 20. Ned5 h6 21. Nb5 a6 22. Nb6 axb5 23. Nxa8 bxc4 24. bxc4 Be5 25. Nb6 Rc7 26. g3 Rc6 27. Kd3 f5 28. Rb1 fxe4+ 29. fxe4 Rd6+ 30. Nd5 Ra6 31. Bd4 Bxd4 32. Kxd4 Rxa2 33. Rxb7 Kg8 34. Ke5 Bh3 35. Kf6 Ra6+ 36. Rb6 Ra7 37. Ne7+ Kh7 38. c5 Bg2 39. e5 Bh3 40. Rb2 Ra1 41. Rf2 Ra8 42. Kf7 Ra5 43. Rc2 Ra1 44. Nd5 Re1 45. Nf6+ Kh8 46. Rb2 1-0

[Event "EU-ch U18 26th"]
[Site "Prague"]
[Date "2016.08.21"]
[Round "4"]
[White "Beeck, Mats"]
[Black "Vangsgaard, Bjarke"]
[Result "1-0"]
[WhiteElo "2196"]
[BlackElo "2034"]
[PlyCount "41"]
[EventDate "2016.08.18"]
[EventType "swiss"]
[EventRounds "9"]
[EventCountry "CZE"]
[SourceTitle "CBM 174 Extra"]
[Source "ChessBase"]
[SourceDate "2016.10.10"]
[SourceVersion "1"]
[SourceVersionDate "2016.10.10"]
[SourceQuality "1"]

1. e4 c6 2. d4 d5 3. exd5 cxd5 4. c4 Nf6 5. Nc3 Nc6 6. Bg5 h6 7. Bxf6 exf6 8. cxd5 Nb4 9. a3 Nxd5 10. Bb5+ Bd7 11. Qe2+ Ne7 12. Bc4 Qb6 13. Rc1 Qxd4 14. Nf3 Qb6 15. Nd5 Qd6 16. Nc7+ Kd8 17. Nxa8 Nc6 18. 0-0 Kc8 19. Rfd1 Qf4 20. Bxf7 Bd6 21. g3 1-0

[Event "EU-ch U18 26th"]
[Site "Prague"]
[Date "2016.08.18"]
[Round "1"]
[White "Pulpan, Jakub"]
[Black "Vangsgaard, Bjarke"]
[Result "1-0"]
[WhiteElo "2321"]
[BlackElo "2034"]
[PlyCount "43"]
[EventDate "2016.08.18"]
[EventType "swiss"]
[EventRounds "9"]
[EventCountry "CZE"]
[SourceTitle "CBM 174 Extra"]
[Source "ChessBase"]
[SourceDate "2016.10.10"]
[SourceVersion "1"]
[SourceVersionDate "2016.10.10"]
[SourceQuality "1"]

1. e4 c6 2. d3 d5 3. Nd2 dxe4 4. dxe4 e5 5. Ngf3 Bg4 6. Bc4 Nf6 7. Bxf7+ Ke7 8. Bb3 Nbd7 9. h3 Bxf3 10. Nxf3 Nc5 11. Qe2 Nxb3 12. axb3 Qd6 13. 0-0 h6 14. Be3 a6 15. b4 Qe6 16. Ra5 Nd7 17. Rd1 Rd8 18. Qd3 Ke8 19. Rxe5 Nxe5 20. Qxd8+ Kf7 21. Qc7+ Kf6 22. Nxe5 1-0

[Event "EU-ch U18 25th"]
[Site "Porec"]
[Date "2015.09.25"]
[Round "5"]
[White "Vangsgaard, Bjarke"]
[Black "O'Neill, Paul Sean"]
[Result "1-0"]
[WhiteElo "1956"]
[BlackElo "1892"]
[PlyCount "51"]
[EventDate "2015.09.21"]
[EventType "swiss"]
[EventRounds "9"]
[EventCountry "CRO"]
[SourceTitle "EXT 2016"]
[Source "ChessBase"]
[SourceDate "2015.10.08"]
[SourceVersion "1"]
[SourceVersionDate "2015.10.08"]
[SourceQuality "1"]

1. d4 Nf6 2. c4 g6 3. Nc3 Bg7 4. e4 d6 5. Nf3 0-0 6. Be2 e5 7. 0-0 Nc6 8. d5 Ne7 9. b4 Nh5 10. c5 a5 11. cxd6 Qxd6 12. Nb5 Qd8 13. Ba3 Re8 14. d6 cxd6 15. Nxd6 Nc6 16. Nxe8 Qxe8 17. b5 Nd4 18. Nxd4 exd4 19. Bxh5 gxh5 20. Qxh5 Bd7 21. Bb2 Qxe4 22. Rfe1 Qc2 23. Re7 Be6 24. Re1 Qxb2 25. R1xe6 fxe6 26. Qf7+ 1-0

[Event "EU-ch U18 25th"]
[Site "Porec"]
[Date "2015.09.22"]
[Round "2"]
[White "Lagunow, Raphael"]
[Black "Vangsgaard, Bjarke"]
[Result "1-0"]
[WhiteElo "2164"]
[BlackElo "1956"]
[PlyCount "101"]
[EventDate "2015.09.21"]
[EventType "swiss"]
[EventRounds "9"]
[EventCountry "CRO"]
[SourceTitle "EXT 2016"]
[Source "ChessBase"]
[SourceDate "2015.10.08"]
[SourceVersion "1"]
[SourceVersionDate "2015.10.08"]
[SourceQuality "1"]

1. e4 c6 2. d4 d5 3. e5 Bf5 4. Nd2 Nd7 5. Nb3 e6 6. Nf3 h6 7. Be3 g5 8. Bd3 Bxd3 9. Qxd3 Ne7 10. 0-0-0 Qc7 11. g4 0-0-0 12. Kb1 Ng6 13. c3 c5 14. Nc1 Nb6 15. h4 gxh4 16. Nxh4 Nxh4 17. Rxh4 Na4 18. Qb5 Nb6 19. dxc5 Nc4 20. Bd4 a6 21. Qa4 Bxc5 22. Bxc5 Qxc5 23. Nd3 Qe7 24. Rh5 Rdg8 25. b3 Na3+ 26. Kb2 Nb5 27. f3 Rg5 28. Rdh1 Rxh5 29. Rxh5 Kb8 30. Qb4 Qc7 31. a4 Na7 32. g5 Ka8 33. gxh6 f5 34. exf6 Qf7 35. Qg4 Nc6 36. Nf4 Qxf6 37. h7 Ne5 38. Qxe6 Nd3+ 39. Kc2 Qxf4 40. Qg8+ Ka7 41. Qxh8 Ne1+ 42. Kb1 Nxf3 43. Qc8 Qe4+ 44. Kb2 Qe2+ 45. Ka3 Qe3 46. h8Q Qc1+ 47. Kb4 Qf4+ 48. Qd4+ Nxd4 49. Qc5+ b6 50. Rh7+ Kb8 51. Qxb6+ 1-0

[Event "Goch op 26th"]
[Site "Goch"]
[Date "2015.09.05"]
[Round "5"]
[White "Khudovekov, Maxim"]
[Black "Vangsgaard, Bjarke"]
[Result "1-0"]
[WhiteElo "1793"]
[BlackElo "1956"]
[PlyCount "55"]
[EventDate "2015.09.03"]
[EventType "swiss"]
[EventRounds "7"]
[EventCountry "GER"]
[SourceTitle "EXT 2018"]
[Source "ChessBase"]
[SourceDate "2017.10.13"]
[SourceVersion "1"]
[SourceVersionDate "2017.10.13"]
[SourceQuality "1"]

1. e4 d5 2. exd5 Qxd5 3. Nf3 Nf6 4. d4 Bg4 5. Be2 e6 6. 0-0 Nc6 7. c4 Qd7 8. Be3 Rd8 9. Nbd2 Bb4 10. a3 Bxd2 11. Qxd2 0-0 12. Rfd1 Ne4 13. Qc2 Bf5 14. Nh4 Nxf2 15. Nxf5 Nxd1 16. Nh6+ gxh6 17. Rxd1 f5 18. d5 exd5 19. cxd5 Ne7 20. Bxh6 Rf6 21. Bf4 Nxd5 22. Rxd5 Qe8 23. Rxd8 Qxd8 24. Qc4+ Kf8 25. Bg5 Qe8 26. Bxf6 Qe3+ 27. Kf1 c5 28. Bh5 1-0

[Event "EU-ch U16 24th"]
[Site "Batumi"]
[Date "2014.10.26"]
[Round "7"]
[White "Satre, Mathias"]
[Black "Vangsgaard, Bjarke"]
[Result "1/2-1/2"]
[WhiteElo "1795"]
[BlackElo "1875"]
[PlyCount "76"]
[EventDate "2014.10.19"]
[EventType "swiss"]
[EventRounds "9"]
[EventCountry "GEO"]
[SourceTitle "EXT 2015"]
[Source "ChessBase"]
[SourceDate "2014.11.20"]
[SourceVersion "1"]
[SourceVersionDate "2014.11.20"]
[SourceQuality "1"]

1. e4 d5 2. exd5 Qxd5 3. Nf3 Nf6 4. d4 Bf5 5. c4 Qd6 6. Nc3 c6 7. Be2 e6 8. 0-0 Be7 9. h3 0-0 10. Be3 Nbd7 11. Qb3 Qc7 12. Rac1 Qb6 13. Qxb6 Nxb6 14. Nh4 Be4 15. f3 Bg6 16. Nxg6 hxg6 17. Rfd1 Rfd8 18. Rc2 Rac8 19. Rcd2 Kf8 20. a3 c5 21. d5 exd5 22. cxd5 Bd6 23. Kf2 Rd7 24. f4 Re7 25. Bg4 Rce8 26. Re2 Ne4+ 27. Nxe4 Rxe4 28. Bf3 R4e7 29. Rc1 Nd7 30. Rce1 f5 31. Bd2 b5 32. g4 Nf6 33. Rxe7 Rxe7 34. Rxe7 Bxe7 35. Bc3 Bd6 36. Bd2 Be7 37. Bc3 Bd6 38. Bd2 Be7 1/2-1/2

[Event "DEN-ch Kort 2 A"]
[Site "Skorping"]
[Date "2014.04.18"]
[Round "3"]
[White "Vangsgaard, Bjarke"]
[Black "Ekholm, Lars"]
[Result "0-1"]
[WhiteElo "1803"]
[BlackElo "1939"]
[PlyCount "106"]
[EventDate "2014.04.17"]
[EventType "swiss"]
[EventRounds "5"]
[EventCountry "DEN"]
[SourceTitle "EXT 2023"]
[Source "ChessBase"]
[SourceDate "2022.10.05"]
[SourceVersion "1"]
[SourceVersionDate "2022.10.05"]
[SourceQuality "1"]

1. d4 d5 2. Nf3 Nc6 3. Bf4 Bg4 4. e3 e6 5. Be2 Bd6 6. Bg3 Nf6 7. c4 Ne4 8. Bxd6 cxd6 9. cxd5 Qa5+ 10. Nbd2 Nxd2 11. Qxd2 Qxd5 12. 0-0 Qa5 13. Qxa5 Nxa5 14. h3 Bxf3 15. Bxf3 Rc8 16. Rfc1 Kd7 17. b4 Nc6 18. d5 Nxb4 19. dxe6+ fxe6 20. Bxb7 Rxc1+ 21. Rxc1 d5 22. Rb1 a5 23. a3 Rb8 24. Bxd5 exd5 25. axb4 axb4 26. Kf1 Kd6 27. Ke2 g5 28. Kd3 Ke5 29. g3 h5 30. f4+ gxf4 31. gxf4+ Kf5 32. Kd4 Rb5 33. Rg1 b3 34. Kc3 Ke4 35. Re1 b2 36. Kc2 h4 37. Kb1 Kd3 38. f5 Kd2 39. Rg1 Kxe3 40. f6 Rb8 41. Re1+ Kf2 42. Rd1 Rf8 43. Rd4 Rxf6 44. Rxh4 Rb6 45. Rg4 Kf3 46. Rd4 Rb5 47. h4 Ke3 48. Rd1 d4 49. Rh1 d3 50. h5 d2 51. h6 Rh5 52. Rg1 Rxh6 53. Kxb2 Kf2 0-1

[Event "EU-ch U16 23rd"]
[Site "Budva"]
[Date "2013.09.30"]
[Round "2"]
[White "Lopatik, Nikita"]
[Black "Vangsgaard, Bjarke"]
[Result "1/2-1/2"]
[WhiteElo "1981"]
[BlackElo "1751"]
[PlyCount "88"]
[EventDate "2013.09.29"]
[EventType "swiss"]
[EventRounds "9"]
[EventCountry "MNE"]
[SourceTitle "CBM 156 Extra"]
[Source "ChessBase"]
[SourceDate "2013.10.22"]
[SourceVersion "1"]
[SourceVersionDate "2013.10.22"]
[SourceQuality "1"]

1. e4 d5 2. exd5 Qxd5 3. Nc3 Qa5 4. d4 Bf5 5. Nf3 Nf6 6. Bc4 e6 7. 0-0 c6 8. Bf4 Bb4 9. Ne2 0-0 10. Ng3 Nbd7 11. c3 Be7 12. Ne5 Nxe5 13. dxe5 Nd5 14. Nxf5 exf5 15. Bxd5 Qxd5 16. Qxd5 cxd5 17. Rad1 Rad8 18. Rd4 g5 19. Bc1 f6 20. e6 Bc5 21. Rd3 Rfe8 22. Re1 Rd6 23. Kf1 Kf8 24. f4 h6 25. g3 Ke7 26. fxg5 fxg5 27. Re5 Kf6 28. Rdxd5 Rxd5 29. Rxd5 Bb6 30. Rd7 Re7 31. h4 Rxd7 32. exd7 Bd8 33. Be3 a6 34. Ke2 Ke6 35. hxg5 hxg5 36. Kd3 Kxd7 37. c4 Kc6 38. b4 Bc7 39. Bxg5 Bxg3 40. Kd4 Bd6 41. Bd2 Bc7 42. Bg5 Bd6 43. c5 Bg3 44. a4 Bh2 1/2-1/2

[Event "EU-ch U14"]
[Site "Prague"]
[Date "2012.08.17"]
[Round "1"]
[White "Vangsgaard, Bjarke"]
[Black "Johannesson, Oliver Aron"]
[Result "1/2-1/2"]
[WhiteElo "1780"]
[BlackElo "2047"]
[PlyCount "70"]
[EventDate "2012.08.17"]
[EventType "swiss"]
[EventRounds "9"]
[EventCountry "CZE"]
[SourceTitle "CBM 150 Extra"]
[Source "ChessBase"]
[SourceDate "2012.10.19"]
[SourceVersion "1"]
[SourceVersionDate "2012.10.19"]
[SourceQuality "1"]

1. d4 Nf6 2. Bf4 e6 3. e3 c5 4. Bd3 cxd4 5. exd4 Qb6 6. Nf3 Nd5 7. Bc1 Qc7 8. 0-0 Nb4 9. c3 Nxd3 10. Qxd3 b6 11. Bg5 Ba6 12. Qe3 Bxf1 13. Kxf1 d5 14. Nbd2 Be7 15. Re1 0-0 16. Qd3 h6 17. Bxe7 Qxe7 18. Ne5 Nd7 19. Ndf3 Nxe5 20. Nxe5 Qc7 21. Kg1 Rab8 22. Qb5 Qd6 23. Qd7 Rbd8 24. Qa4 a6 25. Re3 b5 26. Qc2 f5 27. Rg3 b4 28. Qd2 Rf6 29. cxb4 Rc8 30. a3 Qc7 31. Rc3 Qb7 32. Rg3 Qc7 33. Rc3 Qb7 34. Rg3 Qc7 35. Rc3 Qb7 1/2-1/2